Countries of Europe West to East - Statistics

General Stats
  • This quiz has been taken 126 times
  • The average score is 33 of 45
Answers on the Map
Answers color-coded by a green-red scale on the quiz's map according to % correct below.
 
Answer Stats
Longitude Answer % Correct
4°47'W France
100%
24°32'W Iceland
100%
10°28'W Ireland
100%
9°50'W Portugal
100%
9°18'W Spain
100%
08°10'W United Kingdom
100%
2°35'E Belgium
91%
1°24'32"E Andorra
90%
3°21'E Netherlands
90%
4°56'E Norway
89%
8°5'E Denmark
88%
5°53'E Germany
88%
6°37'E Italy
88%
5°57'22.69"E Switzerland
87%
5°44'E Luxembourg
86%
10°57'27"E Sweden
84%
9°31'51"E Austria
83%
9°28'18"E Liechtenstein
82%
07°24'33"E Monaco
82%
12°05'29"E Czech Republic
80%
12°24'30"E San Marino
79%
12°26'44.62"E Vatican City
79%
14°07'E Poland
75%
13°23'E Slovenia
74%
13°30'E Croatia
73%
14°12'E Malta
72%
15°50'E Bosnia and Herzegovina
71%
16°8'E Hungary
70%
16°50'E Slovakia
64%
18°26'E Montenegro
63%
18°51'E Serbia
59%
19°16'32"E Albania
58%
19°59'E Greece
58%
19°38'E Russia
54%
20°00'58.9"E Kosovo
53%
20°19'E Romania
51%
20°32'E Finland
50%
20°30'E Macedonia
49%
26°40'E Moldova
49%
22°21'E Bulgaria
48%
21°45'51"E Estonia
48%
21°00'E Latvia
48%
22°15'E Ukraine
48%
23°10'E Belarus
46%
20°58'E Lithuania
46%
No matching quizzes found
Score Distribution
Percent of People with Each Score
Percentile by Number Answered
Your Score History
You have not taken this quiz